Geography Quiz

Random Geography or State Quiz
Score 0/16 Timer 06:00
9 Plays Today
Foreign Population US City % Correct
5,791,236New York
99.5%
4,473,597Los Angeles
97.2%
2,322,794Miami
93.3%
1,685,654Chicago
92.8%
1,243,764Dallas/Ft.Worth
91%
1,398,127San Francisco
90.5%
1,498,072Houston
90.2%
832,708Boston
87.7%
Foreign Population US City % Correct
757,937San Diego
85.5%
630,389Seattle
83.6%
620,158Philadelphia
80.5%
1,362,763Washington DC
78.7%
652,266Phoenix
76.8%
751,859Atlanta
72.1%
736,326San Jose
52.8%
974,210Riverside-San Bernardino-Ontario Metro Area
15.1%

You're not logged in!

Compare scores with friends on all Sporcle quizzes.
OR
Log In

Sporcle TV

Today on Sporcle TV


Watch our educational content, quiz creation guides, and fun videos on Sporcle TV.

Show Comments

Extras

Top Quizzes Today


Score Distribution

Your Account Isn't Verified!

In order to create a playlist on Sporcle, you need to verify the email address you used during registration. Go to your Sporcle Settings to finish the process.

Report this User

Report this user for behavior that violates our Community Guidelines.

Details: